000 00656nam a2200205 a 4500
005 20240823063720.0
008 010719s1994 mx r 000 0 spa d
035 _aUPN01000109866
049 _aCG
050 4 _aTH4818 A3
_bG4.2
100 1 _aGuerrero Baca, Luis Fernando
245 1 0 _aArquitectura de tierra en México /
_cLuis Fernando Guerrero Baca.
260 _aMéxico :
_bUAM-Azcapotzalco, División de Ciencias y Artes para el Diseño,
_c1994.
300 _a129 p.
440 0 _aColección de libros CYAD
650 4 _aCONSTRUCCIONES DE ADOBE
_910393
650 4 _aADOBE
_9949
650 4 _aArquitectura de la vivienda
_92362
905 _aLibro
999 _c83776
_d83776